Power /

Bibliographic Details
Other Authors: Golley, Jane, (Editor)
Format: eBook
Language:English
Published: Acton, Australia : Australian National University Press, [2019]
Series:China Story Yearbook
Subjects:
Online Access:Click to View
LEADER 01702nam a2200433 i 4500
001 EBC5750514
003 MiAaPQ
005 20200520144314.0
006 m o d |
007 cr cnu||||||||
008 190426s2019 at o 000 0 eng d
020 |z 9781760462802 
020 |a 9781760462819 (e-book) 
035 |a (MiAaPQ)EBC5750514 
035 |a (Au-PeEL)EBL5750514 
035 |a (OCoLC)1097971565 
040 |a MiAaPQ  |b eng  |e rda  |e pn  |c MiAaPQ  |d MiAaPQ 
043 |a a-cc--- 
050 4 |a HC427.95  |b .P694 2019 
082 0 |a 330.951  |2 23 
245 0 0 |a Power /  |c edited by Jane Golley [and three others]. 
264 1 |a Acton, Australia :  |b Australian National University Press,  |c [2019] 
264 4 |c 2019 
300 |a 1 online resource (375 pages). 
336 |a text  |b txt  |2 rdacontent 
337 |a computer  |b c  |2 rdamedia 
338 |a online resource  |b cr  |2 rdacarrier 
490 0 |a China Story Yearbook 
588 |a Description based on print version record. 
590 |a Electronic reproduction. Ann Arbor, MI : ProQuest, 2018. Available via World Wide Web. Access may be limited to ProQuest affiliated libraries. 
651 0 |a China  |x Economic conditions  |y 2000- 
651 0 |a China  |x Social conditions  |y 2000- 
651 0 |a China  |x Politics and government  |y 21st century. 
651 0 |a China  |x Foreign relations  |y 21st century. 
655 4 |a Electronic books. 
700 1 |a Golley, Jane,  |e editor. 
776 0 8 |i Print version:  |t Power.  |d Acton, Australia : Australian National University Press, c2019   |h 375 pages   |k China Story Yearbook   |z 9781760462802 
797 2 |a ProQuest (Firm) 
856 4 0 |u https://ebookcentral.proquest.com/lib/matrademy/detail.action?docID=5750514  |z Click to View